[Event "Landsturneringen NM i sjakk 2013"]
[Site "Radisson Blu Lillehammer Hotel"]
[Date "2013.06.29"]
[Round "3"]
[White "Samskott, Arne"]
[Black "Lillesand, Svein A"]
[Result "0-1"]
[WhiteElo "1082"]
[BlackElo "1087"]
[PlyCount "90"]
[EventDate "2013.??.??"]

1. e4 c5 2. Bc4 e6 3. Nc3 Nc6 4. Nf3 Be7 5. d3 d6 6. Be3 Nf6 7. h3 O-O 8. a3 a6
9. O-O Qc7 10. Qd2 b5 11. Ba2 Bb7 12. Rab1 Rfd8 13. Qe2 d5 14. exd5 exd5 15.
Bd2 c4 16. dxc4 dxc4 17. Rbd1 Bc5 18. Be3 Re8 19. Nd5 Nxd5 20. Rxd5 Bxe3 21.
fxe3 Nb4 22. Rd4 Nxa2 23. Ra1 Qe7 24. Rxa2 Qxe3+ 25. Qxe3 Rxe3 26. Ra1 Bxf3 27.
gxf3 Rxf3 28. Rad1 g6 29. Kg2 Re3 30. R1d2 Rae8 31. Rf2 Re2 32. Kf1 Rxf2+ 33.
Kxf2 Re6 34. Rd8+ Kg7 35. Rd7 g5 36. Rd5 f6 37. Rd2 Kg6 38. Kg3 Re3+ 39. Kg2
Re6 40. Kf3 h5 41. Rg2 f5 42. h4 g4+ 43. Kf4 Re4+ 44. Kg3 f4+ 45. Kf2 f3 0-1

[Event "Landsturneringen NM i sjakk 2013"]
[Site "Radisson Blu Lillehammer Hotel"]
[Date "2013.06.29"]
[Round "3"]
[White "Sand, Morten"]
[Black "Nyland, Ingeborg Marie"]
[Result "1-0"]
[WhiteElo "1202"]
[BlackElo "1012"]
[PlyCount "89"]
[EventDate "2013.??.??"]

1. e4 e5 2. Nf3 d6 3. Nc3 Nf6 4. Bc4 h6 5. d3 Nc6 6. h3 Be7 7. Be3 O-O 8. Qd2
a6 9. Bxh6 Nh5 10. g4 Nf4 11. Bxf4 exf4 12. Qxf4 b5 13. Bd5 Bb7 14. h4 Bf6 15.
h5 Rb8 16. g5 Be5 17. Nxe5 dxe5 18. Qd2 Nd4 19. Rh3 c6 20. Bb3 b4 21. Ne2 Bc8
22. Nxd4 Bxh3 23. Nxc6 Qb6 24. Nxb8 Rxb8 25. g6 Be6 26. gxf7+ Kxf7 27. Bxe6+
Qxe6 28. b3 Qg4 29. Qe2 Qg1+ 30. Qf1 Qh2 31. O-O-O Qxh5 32. f4 Qh6 33. Kb1 exf4
34. Qf2 g5 35. Qa7+ Ke8 36. Qxb8+ Kd7 37. Qxb4 g4 38. Qd4+ Kc8 39. e5 g3 40. e6
Qxe6 41. Qxf4 g2 42. Rg1 Qh3 43. Qf2 Qh1 44. Qxg2 Qxg2 45. Rxg2 1-0

[Event "Landsturneringen NM i sjakk 2013"]
[Site "Radisson Blu Lillehammer Hotel"]
[Date "2013.06.29"]
[Round "3"]
[White "Ellbro, Anders"]
[Black "Balas, Georg"]
[Result "0-1"]
[WhiteElo "1011"]
[BlackElo "1171"]
[PlyCount "72"]
[EventDate "2013.??.??"]

1. e4 c5 2. Nf3 d6 3. Bb5+ Nc6 4. c3 Nf6 5. d4 cxd4 6. Nxd4 Bd7 7. Qd3 e5 8.
Nxc6 bxc6 9. Ba4 Be7 10. O-O O-O 11. f4 Qb6+ 12. Kh1 Rad8 13. c4 d5 14. cxd5
cxd5 15. Bxd7 Rxd7 16. fxe5 Nxe4 17. Be3 Qg6 18. Qb5 Rfd8 19. Bd4 Qh5 20. Rf3
g5 21. Nc3 g4 22. Rd3 g3 23. h3 Nf2+ 24. Bxf2 gxf2 25. Rg3+ Kh8 26. Rf3 Bh4 27.
Qe2 Re7 28. Re3 Qxe2 29. Rxe2 d4 30. Nb5 d3 31. Re4 d2 32. Nc3 Bg3 33. Rf1 Rxe5
34. Rxe5 Bxe5 35. Nd1 Bg3 36. b4 Re8 0-1

[Event "Landsturneringen NM i sjakk 2013"]
[Site "Radisson Blu Lillehammer Hotel"]
[Date "2013.06.29"]
[Round "3"]
[White "Alfstad, Jon Tomas"]
[Black "Nordbye, Per H"]
[Result "1-0"]
[WhiteElo "1046"]
[BlackElo "1001"]
[PlyCount "51"]
[EventDate "2013.??.??"]

1. e4 e5 2. Nf3 Nc6 3. Bb5 Bc5 4. O-O Nf6 5. Bxc6 dxc6 6. Nxe5 Qd4 7. Nd3 O-O
8. Nxc5 Qxc5 9. d3 Bg4 10. Be3 Qe5 11. Qd2 Qxb2 12. Nc3 Qa3 13. h3 Be6 14. e5
Nd5 15. Nxd5 cxd5 16. d4 b6 17. c3 Rae8 18. Rae1 h6 19. Qc2 Re7 20. Bc1 Qa6 21.
Qb3 Qd3 22. Re3 Qa6 23. Ba3 c5 24. Rc1 Rb8 25. Bxc5 Rc7 26. Bd6 1-0

[Event "Landsturneringen NM i sjakk 2013"]
[Site "Radisson Blu Lillehammer Hotel"]
[Date "2013.06.29"]
[Round "3"]
[White "Thorvaldsen, Petter"]
[Black "Engan, Kari Kristine"]
[Result "1-0"]
[WhiteElo "1172"]
[BlackElo "1055"]
[PlyCount "67"]
[EventDate "2013.??.??"]

1. d4 d5 2. Nf3 Nf6 3. e3 Bg4 4. Be2 e6 5. Ne5 Bxe2 6. Qxe2 Qe7 7. b3 Nbd7 8.
Ba3 c5 9. Nxd7 Nxd7 10. Qb5 b6 11. Qc6 Qd8 12. O-O Be7 13. Nd2 O-O 14. Nf3 Bf6
15. Rad1 Re8 16. dxc5 Qc8 17. Qxc8 Raxc8 18. cxb6 Rxc2 19. b7 Nc5 20. Bxc5 Rxc5
21. Rc1 Rb5 22. Rc8 Bd8 23. b8=Q Rxb8 24. Rxb8 Kf8 25. Rc1 Ke7 26. Rb7+ Kf6 27.
Rxa7 Bb6 28. Rb7 Bd8 29. Rc8 g6 30. g4 h6 31. a4 Rf8 32. a5 Be7 33. Rxf8 Bxf8
34. a6 1-0

[Event "Landsturneringen NM i sjakk 2013"]
[Site "Radisson Blu Lillehammer Hotel"]
[Date "2013.06.29"]
[Round "4"]
[White "Johnsen, Knut"]
[Black "Skotheim, Håvard"]
[Result "1-0"]
[WhiteElo "1236"]
[BlackElo "1152"]
[PlyCount "135"]
[EventDate "2013.??.??"]

1. e4 e5 2. Nf3 Nc6 3. Bb5 a6 4. Ba4 b5 5. Bb3 Nf6 6. O-O d6 7. c3 Be7 8. Re1
O-O 9. d4 d5 10. dxe5 dxe4 11. Qxd8 Bxd8 12. Nd4 Nxe5 13. Bc2 Bb7 14. Nd2 c5
15. Nf5 Nd3 16. Re3 Ng4 17. Rg3 Bc8 18. Nxe4 c4 19. Bxd3 cxd3 20. Rxg4 Bxf5 21.
Rf4 Bd7 22. Be3 Re8 23. Nc5 Bg5 24. Rd4 Bxe3 25. fxe3 Bc6 26. Rd6 Rec8 27. Nxd3
Be4 28. Rd1 Rd8 29. Rxd8+ Rxd8 30. Nf2 Rxd1+ 31. Nxd1 a5 32. Nf2 Bd5 33. a3 a4
34. Nd3 g5 35. Kf2 Kg7 36. g3 g4 37. Nf4 Bc4 38. e4 Kf6 39. Ke3 Ke5 40. Nd3+
Kd6 41. Nf2 h5 42. Kd4 Be2 43. e5+ Ke6 44. Ne4 Bd1 45. Ng5+ Ke7 46. Ne4 Bf3 47.
Nf6 Be2 48. Nxh5 Bc4 49. Nf6 Be6 50. Kc5 Bd7 51. Nxd7 Kxd7 52. Kxb5 Ke6 53. c4
Kd7 54. c5 Kc7 55. c6 Kc8 56. Kxa4 Kc7 57. Kb5 Kc8 58. Kb6 Kb8 59. a4 Kc8 60.
a5 Kb8 61. a6 Ka8 62. b4 Kb8 63. b5 Ka8 64. Kc7 Ka7 65. b6+ Ka8 66. b7+ Ka7 67.
b8=Q+ Kxa6 68. Qb6# 1-0

[Event "Landsturneringen NM i sjakk 2013"]
[Site "Radisson Blu Lillehammer Hotel"]
[Date "2013.06.29"]
[Round "4"]
[White "Grønn, Torbjørn Vevle"]
[Black "Røsok, Leiv"]
[Result "0-1"]
[WhiteElo "1000"]
[BlackElo "1051"]
[PlyCount "86"]
[EventDate "2013.??.??"]

1. e4 c5 2. d4 cxd4 3. c3 Nc6 4. cxd4 d5 5. e5 e6 6. Nf3 Bb4+ 7. Nc3 Nge7 8. a3
Bxc3+ 9. bxc3 O-O 10. Bd3 Bd7 11. O-O Rc8 12. Bxh7+ Kxh7 13. Ng5+ Kg8 14. Qh5
Re8 15. Nxf7 Qc7 16. Nd6 Rf8 17. Nxc8 Qxc8 18. Rd1 Rf5 19. Qg4 Qf8 20. Ra2 Be8
21. Qe2 Ng6 22. Rd3 Nf4 23. Bxf4 Rxf4 24. g3 Rf5 25. f4 Na5 26. Qf2 Nc4 27. h3
Bg6 28. Rf3 Rf7 29. Qf1 Be4 30. Rff2 Ne3 31. Qc1 Nf5 32. Kh2 Rc7 33. Rfe2 Qf7
34. Rxe4 dxe4 35. Re2 Qg6 36. g4 Nxd4 37. Qd1 Nf3+ 38. Kg2 Rxc3 39. Qd8+ Kh7
40. Qa5 Nh4+ 41. Kh2 Rf3 42. Qe1 Qh6 43. Qb4 Qxf4+ 0-1

[Event "Landsturneringen NM i sjakk 2013"]
[Site "Radisson Blu Lillehammer Hotel"]
[Date "2013.06.29"]
[Round "4"]
[White "Elboth, Christian Ancher"]
[Black "Nytrø, Bjørn"]
[Result "1-0"]
[WhiteElo "1080"]
[BlackElo "1175"]
[PlyCount "79"]
[EventDate "2013.??.??"]

1. e4 e6 2. d4 c5 3. Nf3 Nc6 4. d5 exd5 5. exd5 Nb8 6. c4 d6 7. Bd3 Nf6 8. O-O
Bg4 9. Re1+ Be7 10. Qe2 Nbd7 11. Bf4 Bxf3 12. Qxf3 O-O 13. Nc3 a6 14. Ne4 Qb6
15. b3 Nxe4 16. Qxe4 Nf6 17. Qxe7 Rfe8 18. Qxd6 Qa5 19. Be3 Qc3 20. Bf5 Rad8
21. Qxc5 g6 22. Qd4 Qxd4 23. Bxd4 Nh5 24. Bc2 Nf4 25. Kf1 Rf8 26. Re4 Nh5 27.
Rae1 f5 28. Re7 Rf7 29. Re8+ Rf8 30. Rxd8 Rxd8 31. g3 Kf7 32. Bd1 Nf6 33. Bxf6
Kxf6 34. Re6+ Kf7 35. f4 h5 36. Kf2 b5 37. Rxa6 bxc4 38. bxc4 Rb8 39. Bb3 Re8
40. d6 1-0

[Event "Landsturneringen NM i sjakk 2013"]
[Site "Radisson Blu Lillehammer Hotel"]
[Date "2013.06.29"]
[Round "4"]
[White "Nesheim, Mathias"]
[Black "Garmark, Vegard"]
[Result "0-1"]
[WhiteElo "1000"]
[BlackElo "1182"]
[PlyCount "80"]
[EventDate "2013.??.??"]

1. d4 d5 2. Bf4 Nf6 3. Nf3 e6 4. e3 Bd6 5. Bg3 b6 6. Bd3 Bb7 7. Nbd2 c5 8. c3
Qe7 9. Qe2 Nbd7 10. Bxd6 Qxd6 11. O-O O-O 12. Rac1 e5 13. Bb1 Rfe8 14. Rfd1 e4
15. Ne1 Rac8 16. Nb3 c4 17. Nd2 Re6 18. g3 h5 19. Ng2 g6 20. Nf4 Re7 21. b3 b5
22. Bc2 Kg7 23. Rb1 Nb6 24. bxc4 bxc4 25. Rb2 Qd7 26. Rdb1 Rh8 27. h4 Ng4 28.
a4 Qc8 29. a5 Na8 30. f3 exf3 31. Nxf3 Rxe3 32. Qf1 Re7 33. Rb5 Rhe8 34. Nh3
Ne3 35. Qe2 Qxh3 36. Rxb7 Rxb7 37. Rxb7 Qxg3+ 38. Kh1 Nxc2 39. Qxc2 Qxf3+ 40.
Kh2 Re2+ 0-1

[Event "Landsturneringen NM i sjakk 2013"]
[Site "Radisson Blu Lillehammer Hotel"]
[Date "2013.06.29"]
[Round "4"]
[White "Nyland, Ingeborg Marie"]
[Black "Robertsen, Per Nicolai"]
[Result "0-1"]
[WhiteElo "1012"]
[BlackElo "1222"]
[PlyCount "148"]
[EventDate "2013.??.??"]

1. e4 c5 2. Nc3 d6 3. Bc4 Nc6 4. d3 Nf6 5. Nge2 a6 6. a4 e6 7. Bg5 Be7 8. O-O
Qc7 9. Ng3 Bd7 10. Qd2 O-O-O 11. Rfe1 Rdg8 12. Nb5 axb5 13. axb5 Nb8 14. Ra8
Qb6 15. Rea1 Bxb5 16. Bxb5 Qxb5 17. c4 Qb4 18. Qc2 Kc7 19. Bd2 Nc6 20. Rxg8
Rxg8 21. Bxb4 Nxb4 22. Qc3 Rb8 23. e5 dxe5 24. Qxe5+ Bd6 25. Qe2 Nc6 26. Qd2
Ng4 27. h3 Nge5 28. Ne4 Nd4 29. Qa5+ b6 30. Qa6 Nec6 31. Nxd6 Kxd6 32. Kf1 Kc7
33. Qa4 Na5 34. b4 cxb4 35. c5 Nac6 36. cxb6+ Rxb6 37. Rc1 Kb7 38. Ra1 b3 39.
Qa8+ Kc7 40. Rc1 b2 41. Qa7+ Rb7 42. Qa5+ Kb8 43. Qc3 bxc1=Q+ 44. Qxc1 Kc7 45.
Qf4+ Kc8 46. Qc1 Kd8 47. f4 Rc7 48. Qa3 Ne7 49. Qd6+ Rd7 50. Qb6+ Ke8 51. Qb8+
Rd8 52. Qe5 Kf8 53. Kf2 Ndc6 54. Qc7 Rxd3 55. Qb7 Rd8 56. g4 Re8 57. f5 exf5
58. gxf5 f6 59. h4 Nd4 60. Qd7 Ndxf5 61. h5 Ng8 62. Qd5 Nge7 63. Qe6 Nh6 64.
Qe4 f5 65. Qf4 Neg8 66. Qd6+ Ne7 67. Qf4 Nf7 68. Kg3 h6 69. Qd4 Nc8 70. Qd7
Ncd6 71. Qa7 Kg8 72. Qd7 Re3+ 73. Kg2 f4 74. Qg4 Rg3+ 0-1

[Event "Landsturneringen NM i sjakk 2013"]
[Site "Radisson Blu Lillehammer Hotel"]
[Date "2013.06.29"]
[Round "4"]
[White "Skaslien, Tor"]
[Black "Hauge, Eirik"]
[Result "1-0"]
[WhiteElo "1234"]
[BlackElo "1046"]
[PlyCount "103"]
[EventDate "2013.??.??"]

1. d4 Nf6 2. Nf3 d5 3. Bf4 e6 4. e3 c5 5. c3 Nc6 6. Bd3 Qb6 7. Qb3 Qa5 8. dxc5
Bxc5 9. Nbd2 O-O 10. Qb5 Qxb5 11. Bxb5 Bd7 12. Bd3 Rfe8 13. Ne5 Nxe5 14. Bxe5
Ng4 15. Bd4 b6 16. h3 Nh6 17. Nf3 f6 18. Bxc5 bxc5 19. O-O Rab8 20. b3 e5 21.
Be2 e4 22. Nd2 Nf5 23. Rfe1 Nd6 24. a4 Be6 25. Rab1 Rec8 26. f3 exf3 27. Bxf3
c4 28. b4 f5 29. Bd1 Ne4 30. Nxe4 fxe4 31. a5 Bd7 32. Bg4 Bxg4 33. hxg4 Rd8 34.
Rbd1 Rb7 35. Rf1 g6 36. Rf4 Kg7 37. Rxe4 Rbd7 38. Red4 Kf6 39. e4 Ke5 40. Rxd5+
Rxd5 41. Rxd5+ Rxd5 42. exd5 Kxd5 43. Kf2 g5 44. Ke3 h6 45. a6 Kc6 46. Kd4 Kb5
47. Kd5 Kxa6 48. Kc6 h5 49. gxh5 g4 50. Kc5 g3 51. h6 Kb7 52. h7 1-0

[Event "Landsturneringen NM i sjakk 2013"]
[Site "Radisson Blu Lillehammer Hotel"]
[Date "2013.06.29"]
[Round "4"]
[White "Simenstad, Karl Edvin"]
[Black "Rosland, Lars-Erik"]
[Result "1/2-1/2"]
[WhiteElo "1100"]
[BlackElo "1156"]
[PlyCount "46"]
[EventDate "2013.??.??"]

1. d4 Nf6 2. c4 e6 3. Nc3 d5 4. Nf3 Be7 5. e3 O-O 6. Bd2 c5 7. cxd5 cxd4 8.
Nxd4 Nxd5 9. Rc1 a6 10. a3 Re8 11. Bd3 Nd7 12. O-O N7f6 13. Qe2 Bd6 14. Rfd1
Nd7 15. e4 Nf4 16. Bxf4 Bxf4 17. Rc2 Ne5 18. Nf3 Qe7 19. Nxe5 Bxe5 20. Qh5 Qf6
21. g3 b5 22. f4 Bd4+ 23. Kf1 Qe7 1/2-1/2

[Event "Landsturneringen NM i sjakk 2013"]
[Site "Radisson Blu Lillehammer Hotel"]
[Date "2013.06.29"]
[Round "4"]
[White "Wilhelmsen, Morten"]
[Black "Thorvaldsen, Petter"]
[Result "0-1"]
[WhiteElo "1097"]
[BlackElo "1172"]
[PlyCount "126"]
[EventDate "2013.??.??"]

1. e4 e6 2. d4 d5 3. e5 c5 4. c3 Qb6 5. Nf3 Nc6 6. a3 a5 7. a4 Nge7 8. Bb5 Ng6
9. Bg5 h6 10. Be3 Bd7 11. Na3 Be7 12. Qd2 Nh4 13. Nxh4 Bxh4 14. Bxc6 bxc6 15.
dxc5 Qb3 16. Qc2 Rb8 17. Rb1 Bg5 18. O-O Bxe3 19. fxe3 Bc8 20. Qxb3 Rxb3 21.
Nc2 Ba6 22. Rfd1 Kd7 23. Nd4 Rb7 24. b3 Rhb8 25. Rd2 f6 26. Rbb2 fxe5 27. Nf3
Rxb3 28. Nxe5+ Kc7 29. Rxb3 Rxb3 30. Rc2 Ra3 31. c4 Rxe3 32. Nf3 Bxc4 33. Nd2
Re2 34. Rxc4 dxc4 35. Nxc4 Rc2 36. Nxa5 Rxc5 37. Nb3 Rd5 38. a5 Kb7 39. Kf2 c5
40. Ke3 c4 41. Nd4 c3 42. Nb3 c2 43. g4 g5 44. h3 Ka6 45. Ke4 Rxa5 46. Kd3 Ra2
47. Nc1 Ra3+ 48. Kxc2 Rxh3 49. Kd2 Rg3 50. Ke2 Rxg4 51. Nd3 Kb5 52. Kf2 Ra4 53.
Ne5 h5 54. Kg3 Ra3+ 55. Kg2 Kc5 56. Nf7 g4 57. Ng5 Kd5 58. Nh7 Ke5 59. Ng5 h4
60. Nf7+ Kf4 61. Nd6 Ra2+ 62. Kg1 Kf3 63. Kh1 g3 0-1

[Event "Landsturneringen NM i sjakk 2013"]
[Site "Radisson Blu Lillehammer Hotel"]
[Date "2013.06.29"]
[Round "4"]
[White "Nordbye, Per H"]
[Black "Larsen, Per Magnus"]
[Result "0-1"]
[WhiteElo "1001"]
[BlackElo "980"]
[PlyCount "94"]
[EventDate "2013.??.??"]

1. d4 Nf6 2. Nf3 e6 3. e3 d5 4. c4 Bb4+ 5. Bd2 Be7 6. b3 O-O 7. Bd3 b6 8. O-O
Re8 9. Qc2 Bb7 10. Ne5 Nbd7 11. a3 Nxe5 12. dxe5 Ne4 13. f3 dxc4 14. Qxc4 Nxd2
15. Nxd2 Bd5 16. Qc2 g6 17. Be4 c5 18. a4 Rb8 19. Rad1 Qc8 20. f4 Qc6 21. Bxd5
exd5 22. Nf3 b5 23. f5 c4 24. f6 Bf8 25. axb5 Rxb5 26. Nd4 Qb7 27. Nxb5 Qxb5
28. bxc4 dxc4 29. Ra1 Bc5 30. Qe4 Bb6 31. Rab1 Qc5 32. Qd4 Qxd4 33. exd4 Bxd4+
34. Kh1 Bxe5 35. Rb7 Bxf6 36. g4 c3 37. Rc7 Kg7 38. g5 Be7 39. Re1 Bd6 40. Rxe8
Bxc7 41. Rc8 Be5 42. Rc5 f6 43. Kg2 a5 44. Kf3 a4 45. Ke2 a3 46. Ra5 c2 47. Kd2
Bc3+ 0-1

[Event "Landsturneringen NM i sjakk 2013"]
[Site "Radisson Blu Lillehammer Hotel"]
[Date "2013.06.29"]
[Round "4"]
[White "Samskott, Arne"]
[Black "Suntharalingam, Jeya"]
[Result "1-0"]
[WhiteElo "1082"]
[BlackElo "1118"]
[PlyCount "75"]
[EventDate "2013.??.??"]

1. e4 e5 2. Nf3 Nc6 3. Bc4 Be7 4. b3 d6 5. Bb2 a6 6. Nc3 Bd7 7. Nd5 b5 8. Be2
Nf6 9. Nxf6+ Bxf6 10. d3 O-O 11. Qd2 Bg4 12. h3 Bxf3 13. Bxf3 Nd4 14. Bxd4 exd4
15. e5 Rb8 16. exf6 Re8+ 17. Be2 Qxf6 18. O-O Re5 19. Bf3 h6 20. Qa5 Rb6 21.
Qd2 Rg5 22. Qe2 d5 23. Qd1 Qf5 24. g4 h5 25. Kh1 hxg4 26. Bxg4 Qf4 27. Qf3 Qd2
28. Rac1 Rd6 29. Qe2 Qf4 30. Qf3 Qd2 31. Rfd1 Qa5 32. Ra1 c6 33. Qf4 Rgg6 34.
Re1 Qc3 35. Rac1 Rdf6 36. Re8+ Kh7 37. Bf5 Qb2 38. Qh4# 1-0

[Event "Landsturneringen NM i sjakk 2013"]
[Site "Radisson Blu Lillehammer Hotel"]
[Date "2013.06.29"]
[Round "4"]
[White "Balas, Georg"]
[Black "Alfstad, Jon Tomas"]
[Result "1-0"]
[WhiteElo "1171"]
[BlackElo "1046"]
[PlyCount "65"]
[EventDate "2013.??.??"]

1. d4 d5 2. c4 e6 3. Nc3 Nf6 4. Nf3 Nc6 5. Bg5 Be7 6. e3 O-O 7. Bxf6 Bxf6 8.
cxd5 exd5 9. Qb3 Na5 10. Qxd5 Qxd5 11. Nxd5 Be7 12. Nxe7+ Kh8 13. Nxc8 Raxc8
14. Bd3 Nc6 15. a3 Ne7 16. O-O a6 17. Rac1 c6 18. b4 Rc7 19. Rc4 b5 20. Rc5 Nd5
21. Be4 Rfc8 22. Bxd5 cxd5 23. Rfc1 Rxc5 24. dxc5 Kg8 25. Ne5 f6 26. Nd7 Kf7
27. Nb6 Rc6 28. Nxd5 Ke6 29. Nf4+ Kf5 30. h3 g5 31. Nd5 Ke4 32. Nc3+ Kd3 33.
Nb1 1-0

[Event "Landsturneringen NM i sjakk 2013"]
[Site "Radisson Blu Lillehammer Hotel"]
[Date "2013.06.29"]
[Round "4"]
[White "Engan, Kari Kristine"]
[Black "Johnsen, Kjell R"]
[Result "1/2-1/2"]
[WhiteElo "1055"]
[BlackElo "1079"]
[PlyCount "37"]
[EventDate "2013.??.??"]

1. e4 e5 2. Nf3 d6 3. d4 Nc6 4. dxe5 Nxe5 5. Nxe5 dxe5 6. Qxd8+ Kxd8 7. Be2 Nf6
8. Nc3 Bb4 9. Bg5 Ke7 10. O-O h6 11. Bh4 g5 12. Bg3 Bd6 13. h3 h5 14. Rad1 Ke6
15. Bc4+ Ke7 16. Nd5+ Nxd5 17. Bxd5 c6 18. Bb3 Be6 19. Bxe6 1/2-1/2

[Event "Landsturneringen NM i sjakk 2013"]
[Site "Radisson Blu Lillehammer Hotel"]
[Date "2013.06.29"]
[Round "5"]
[White "Røsok, Leiv"]
[Black "Johnsen, Knut"]
[Result "1-0"]
[WhiteElo "1051"]
[BlackElo "1236"]
[PlyCount "57"]
[EventDate "2013.??.??"]

1. e4 c5 2. Nf3 d6 3. d4 cxd4 4. Nxd4 Nf6 5. Nc3 a6 6. Be2 e5 7. Nf3 Be7 8. O-O
O-O 9. h3 b5 10. a3 Be6 11. Be3 Qc7 12. Bd3 Nc6 13. Rc1 Rac8 14. Nd2 d5 15.
exd5 Nxd5 16. Nxd5 Bxd5 17. c4 bxc4 18. Bxc4 Bxc4 19. Rxc4 Rfd8 20. Qf3 Qd7 21.
Rd1 f5 22. Bb6 e4 23. Qe2 Ne5 24. Bxd8 Nxc4 25. Nxc4 Qb5 26. Bxe7 Rxc4 27. Qd2
Rc8 28. Qd5+ Qxd5 29. Rxd5 1-0

[Event "Landsturneringen NM i sjakk 2013"]
[Site "Radisson Blu Lillehammer Hotel"]
[Date "2013.06.29"]
[Round "5"]
[White "Skotheim, Håvard"]
[Black "Endresen, Ola Torstein"]
[Result "0-1"]
[WhiteElo "1152"]
[BlackElo "1200"]
[PlyCount "64"]
[EventDate "2013.??.??"]

1. e4 d5 2. exd5 Qxd5 3. Nc3 Qd6 4. d4 Nf6 5. Bc4 c6 6. Nge2 Bg4 7. O-O e6 8.
Qd2 Qc7 9. Re1 Nbd7 10. a3 Bd6 11. Ng3 O-O-O 12. b4 h5 13. Qg5 h4 14. Nf1 Rh5
15. Qxg7 Rg8 16. Qxf7 Rh7 17. Qxg8+ Nxg8 18. Bxe6 Bxe6 19. Rxe6 Re7 20. Rg6 Re8
21. Rg4 h3 22. g3 Ngf6 23. Rh4 Nd5 24. Ne4 N7f6 25. Nxd6+ Qxd6 26. Rxh3 Re1 27.
c4 Nc3 28. Rh8+ Re8 29. Rh4 Qe6 30. Be3 Qxc4 31. Nd2 Qd5 32. Kf1 Qh1# 0-1

[Event "Landsturneringen NM i sjakk 2013"]
[Site "Radisson Blu Lillehammer Hotel"]
[Date "2013.06.29"]
[Round "5"]
[White "Elboth, Christian Ancher"]
[Black "Lillesand, Svein A"]
[Result "1-0"]
[WhiteElo "1080"]
[BlackElo "1087"]
[PlyCount "91"]
[EventDate "2013.??.??"]

1. e4 c5 2. Nf3 e6 3. d4 cxd4 4. Nxd4 Nf6 5. Nc3 Nc6 6. Bg5 Be7 7. Qd2 a6 8.
Bc4 d6 9. O-O-O Qc7 10. Bb3 O-O 11. Bxf6 Bxf6 12. Nxc6 Qxc6 13. Qxd6 Bxc3 14.
Qxc6 Bxb2+ 15. Kxb2 bxc6 16. e5 g6 17. Rd6 Bb7 18. Rhd1 Rab8 19. g3 Rfe8 20.
Kc3 h5 21. Rd7 Kf8 22. Rc7 Re7 23. Rdd7 Rxd7 24. Rxd7 Ke8 25. Rd6 Rd8 26. Kd4
Ke7 27. Kc5 Rxd6 28. exd6+ Kd7 29. f4 Bc8 30. c3 Bb7 31. h4 Bc8 32. f5 gxf5 33.
Bd1 e5 34. Bxh5 f4 35. gxf4 exf4 36. Bxf7 f3 37. Bc4 Kd8 38. h5 Bf5 39. Bxa6
Kd7 40. Bf1 Bc2 41. h6 Kd8 42. Kxc6 Bb1 43. a4 Bc2 44. a5 Bb1 45. a6 Bc2 46. a7
1-0

[Event "Landsturneringen NM i sjakk 2013"]
[Site "Radisson Blu Lillehammer Hotel"]
[Date "2013.06.29"]
[Round "5"]
[White "Sand, Morten"]
[Black "Olsen, Knut"]
[Result "1-0"]
[WhiteElo "1202"]
[BlackElo "1245"]
[PlyCount "67"]
[EventDate "2013.??.??"]

1. e4 e5 2. Nf3 Nc6 3. d4 exd4 4. Bc4 h6 5. O-O d6 6. h3 Nf6 7. Bf4 Be7 8. Re1
O-O 9. Nxd4 Nxd4 10. Qxd4 Be6 11. Bd3 c5 12. Qe3 c4 13. Be2 a6 14. Nc3 b5 15.
a3 Kh7 16. Rad1 Qc7 17. Bf3 Rad8 18. e5 dxe5 19. Bxe5 Qc5 20. Bd4 Qc7 21. Be5
Qc8 22. Ne4 Nxe4 23. Bxe4+ Kg8 24. Qg3 g5 25. Qf3 f5 26. Bd5 Bxd5 27. Rxd5 Qe6
28. Rxd8 Rxd8 29. Qc3 Qc6 30. Qe3 Bc5 31. Qe2 Qb6 32. Bc3 Qc7 33. Qe6+ Kh7 34.
Qxf5+ 1-0

[Event "Landsturneringen NM i sjakk 2013"]
[Site "Radisson Blu Lillehammer Hotel"]
[Date "2013.06.29"]
[Round "5"]
[White "Hageberg, Olav K"]
[Black "Balas, Georg"]
[Result "1-0"]
[WhiteElo "1237"]
[BlackElo "1171"]
[PlyCount "79"]
[EventDate "2013.??.??"]

1. d4 d5 2. e3 c5 3. c3 cxd4 4. cxd4 Nf6 5. Bd3 Nc6 6. a3 g6 7. f4 Bg4 8. Nf3
e6 9. Nbd2 Bg7 10. O-O O-O 11. b4 a6 12. Bb2 Re8 13. Qe1 Bxf3 14. Nxf3 Nd7 15.
Rc1 Nb6 16. Qd1 Qd7 17. Ne5 Nxe5 18. dxe5 Rac8 19. Qb3 Qa4 20. Qxa4 Nxa4 21.
Bd4 b5 22. Kf2 Rf8 23. Ke2 Ra8 24. Rc6 Rfc8 25. Rfc1 Rxc6 26. Rxc6 Kf8 27. g4
Ke7 28. Rc7+ Kf8 29. f5 gxf5 30. gxf5 exf5 31. Bxf5 Re8 32. Rc8 Rxc8 33. Bxc8
Ke7 34. Bxa6 Ke6 35. Bc8+ Ke7 36. Kd3 Bxe5 37. Bxe5 Nb6 38. Bf5 Nc4 39. Kd4
Nxa3 40. Kxd5 1-0

[Event "Landsturneringen NM i sjakk 2013"]
[Site "Radisson Blu Lillehammer Hotel"]
[Date "2013.06.29"]
[Round "5"]
[White "Nytrø, Bjørn"]
[Black "Simenstad, Karl Edvin"]
[Result "0-1"]
[WhiteElo "1175"]
[BlackElo "1100"]
[PlyCount "62"]
[EventDate "2013.??.??"]

1. d4 e6 2. e3 f5 3. f4 Nf6 4. Nf3 d5 5. c4 c6 6. a3 Bd6 7. Nc3 O-O 8. Bd3 Nbd7
9. O-O Ne4 10. c5 Bc7 11. Ra2 b6 12. cxb6 axb6 13. Ne5 Nxe5 14. dxe5 Ba6 15.
Ne2 Bxd3 16. Qxd3 c5 17. b3 Qd7 18. Ng3 Nxg3 19. hxg3 Ra7 20. Bd2 Rfa8 21. b4
c4 22. Qc3 b5 23. Rc1 Bb6 24. Rcc2 Ra4 25. Kf2 d4 26. Qa1 dxe3+ 27. Bxe3 Bxe3+
28. Kxe3 Qd3+ 29. Kf2 Rxa3 30. Rd2 Qxd2+ 31. Rxd2 Rxa1 0-1

[Event "Landsturneringen NM i sjakk 2013"]
[Site "Radisson Blu Lillehammer Hotel"]
[Date "2013.06.29"]
[Round "5"]
[White "Thingstad, Tormod"]
[Black "Thorvaldsen, Petter"]
[Result "1-0"]
[WhiteElo "1186"]
[BlackElo "1172"]
[PlyCount "65"]
[EventDate "2013.??.??"]

1. d4 d5 2. c4 c6 3. Nc3 Nf6 4. Nf3 a6 5. a4 Bf5 6. Bd2 e6 7. Nh4 Ne4 8. Nxf5
Nxd2 9. Nxg7+ Bxg7 10. Qxd2 Qf6 11. e3 Nd7 12. Bd3 O-O 13. Qe2 dxc4 14. Bxc4
Qh4 15. Bd3 f5 16. g3 Qh3 17. Qf1 Qh6 18. f4 Nf6 19. Be2 Ng4 20. Bxg4 fxg4 21.
Ne4 b5 22. b3 e5 23. dxe5 Bxe5 24. Rd1 Bc7 25. Rd7 Ba5+ 26. Kf2 Bb4 27. Qe2 Qe6
28. Qd3 Rae8 29. Nf6+ Rxf6 30. Qxh7+ Kf8 31. Qh8+ Qg8 32. Qxf6+ Qf7 33. Qxf7#
1-0

[Event "Landsturneringen NM i sjakk 2013"]
[Site "Radisson Blu Lillehammer Hotel"]
[Date "2013.06.29"]
[Round "5"]
[White "Rosland, Lars-Erik"]
[Black "Samskott, Arne"]
[Result "1-0"]
[WhiteElo "1156"]
[BlackElo "1082"]
[PlyCount "39"]
[EventDate "2013.??.??"]

1. d4 d5 2. Nf3 Nf6 3. c4 dxc4 4. e3 e6 5. Bxc4 Bb4+ 6. Bd2 Bd6 7. O-O O-O 8.
Nc3 a6 9. e4 Bb4 10. e5 Nfd7 11. a3 Ba5 12. Qc2 f6 13. Bxe6+ Kh8 14. Rad1 c6
15. Ne4 Bxd2 16. Rxd2 Qe7 17. Ba2 fxe5 18. Re1 exd4 19. Neg5 Qf6 20. Qxh7# 1-0

[Event "Landsturneringen NM i sjakk 2013"]
[Site "Radisson Blu Lillehammer Hotel"]
[Date "2013.06.29"]
[Round "5"]
[White "Hauge, Eirik"]
[Black "Larsen, Per Magnus"]
[Result "1-0"]
[WhiteElo "1046"]
[BlackElo "980"]
[PlyCount "75"]
[EventDate "2013.??.??"]

1. d4 Nf6 2. Bg5 e6 3. Nf3 Be7 4. e3 O-O 5. Bd3 d6 6. Nbd2 Nc6 7. O-O d5 8. c4
b6 9. cxd5 Nxd5 10. Bxe7 Ncxe7 11. Rc1 Bb7 12. Be4 f5 13. Bd3 Nf6 14. Bc4 Bd5
15. Qb3 Ne4 16. Nxe4 fxe4 17. Ng5 Bxc4 18. Qxc4 Qd5 19. Nxe6 Qxc4 20. Rxc4 Nd5
21. Nxf8 Kxf8 22. f3 exf3 23. Rxf3+ Ke7 24. e4 b5 25. Rc5 Nb4 26. a3 Na6 27.
Rxb5 Rb8 28. Rxb8 Nxb8 29. Rc3 c6 30. Rb3 Nd7 31. Rb7 Ke6 32. Rxa7 Nf6 33. Rxg7
Nxe4 34. Rxh7 Kd5 35. Rh6 Nd6 36. Rxd6+ Kxd6 37. Kf2 Kd5 38. Ke3 1-0